02285nam a2200265 a 4500020002700000020003000027082001200057100002900069245005000098250001200148260006800160300001300228490001400241520109500255650005401350700000801404856005701412942000701469999001501476952011201491952010401603952011201707952010001819952010001919 a125906123X (paperback) a9781259061233 (paperback) a610 MUK1 aMukherjee, Prof Kanai L.10aMedical laboratory technology : Vol. 1,2nd.ed a2nd ed. a[S.l.] :bMcGraw Hill Education (India) Private Limited,c2010. a496 p. ;1 aVolume 1. a"Celebrating a vast readership among clinical laboratory personnel for over two decades, Medical Laboratory Technology, in its revised, enlarged and updated edition, brings together all relevant medical laboratory technologies—new and existing ones—in three volumes. Particularly tailored to the needs of laboratories with limited facilities in developing countries, the book: • Describes all tests in a step-by-step manner with guidelines to avoid errors and hazards • Details the care and use of laboratory equipment and preparation of reagents • Highlights the clinical significance of laboratory findings • Provides diagrams for easy comprehension • Introduces methods and procedures for producing reliable laboratory findings Volume I: Introduction, Haematology and Coagulation, Immunohaematology (or Blood Banking) Volume II: Microbiology, Serology, Clinical Pathology Volume III: Clinical Biochemistry, Histology and Cytology, Miscellaneous Information This book serves as an invaluable reference for students as well as practicing professionals in medical diagnostic l amedicine,medical laboratory,loboratory technology aGho 0uhttp://www.amazon.com/exec/obidos/ASIN/125906123X/ch cBK c1590d1590 0010708NFICaICbICcGENd2015-07-18l4o610 MUKp006009r2022-11-17 00:00:00s2017-02-07w2015-07-18yBK 0010708NFICaICbICcGENd2015-07-18l11m1o610 MUKp006847r2022-11-17 00:00:00s2018-11-18yBK 0010708NFICaICbICcGENd2019-10-19l1o610 MUKp006714r2022-11-17 00:00:00s2020-02-09w2019-10-19yBK 0010708NFICaICbICcGENd2019-10-19l0o610 MUKp006715r2022-11-17 00:00:00w2019-10-19yBK 0010708NFICaICbICcGENd2019-10-19l0o610 MUKp006760r2022-11-17 00:00:00w2019-10-19yBK